LEADER 00820nas a2200229 i 4500 001 000000219770 003 CaOOAMICUS 005 20131111000000.0 008 130409b2013 ne uu u0 0eng r 013 $a198667 040 $aSeMil$bita 245 10$a[2013 :$b2-3]. 260 $aLeiden ; Boston :$bBrill,$ccopyr. 2013. 300 $aP. [155]-370 ;$c24 cm. 500 $aArticoli con sintesi in inglese [Abstract] in testa. 773 0 $tNumen.$dLeiden : E. J. Brill, 1954.$x0029-5973$w()2539 774 0 $t[vedi periodico].$w()278930 850 $aSeMil 852 $aSeMil$W1$xVenegono$y1$m181 5 85$j170131$B170131$CSeMilBibl$Z2$F185109 $85 961 $aAbbonamento: Brill 996 $6245$a[2013 :$b2-3]$9(OLS)http://semarc/title/315261 996 $6260$aLeiden ; Boston :$bBrill$9(OLS)http://semarc/publisher/39473 LEADER 01070nam a2200229 i 4500 001 000000069028 003 CaOOAMICUS 005 20100303000000.0 008 100303s1982 it u000 u ita u 013 $a40200 040 $aSeMil$bita 100 1 $aToscani, Xenio,$d<1941- >.$0(OLS)http://semarc/name/3785 245 10$aSecolarizzazione e frontiere sacerdotali :$bil clero lombardo nell'Ottocento /$cXenio Toscani. 260 $aBologna :$bIl Mulino,$ccopyr. 1982. 300 $a429 p. ;$c22 cm. 490 0 $aReligione e società : studi, testi, ricerche di diritto e storia ;$v9 650 4$aChiesa cattolica - Clero - Lombardia - Storia - Sec. 19.$0(OLS)http://semarc/subject/13696 830 0$aReligione e società ;$v9.$0(OLS)http://semarc/title/6868 850 $aSeMil 852 $aSeMil$W1$xVenegono$y1$m3A II 477$j264569$B35181$CSeMilBibl$Z2$F35184 $81 996 $6245$aSecolarizzazione e frontiere sacerdotali :$bil clero lombardo nell'Ottocento$9(OLS)http://semarc/title/110478 996 $6260$aBologna :$bIl Mulino$9(OLS)http://semarc/publisher/29842